Japan'S Official Development Assistance White Paper 2012. Japan'S International Cooperation (Record no. 10985)
[ view plain ]
| 000 -LEADER | |
|---|---|
| campo de control de longitud fija | 00410nam a2200145Ia 4500 |
| 001 - NÚMERO DE CONTROL | |
| campo de control | 3303 |
| 008 - DATOS DE LONGITUD FIJA--INFORMACIÓN GENERAL | |
| campo de control de longitud fija | 241024s9999 xx 000 0 und d |
| 082 ## - NÚMERO DE LA CLASIFICACIÓN DECIMAL DEWEY | |
| Número de clasificación | 370/M665f |
| 100 ## - ENTRADA PRINCIPAL--NOMBRE DE PERSONA | |
| Nombre de persona | Ministry of Foreign Affairs |
| 245 #0 - MENCIÓN DEL TÍTULO | |
| Título | Japan'S Official Development Assistance White Paper 2012. Japan'S International Cooperation |
| 260 ## - PUBLICACIÓN, DISTRIBUCIÓN, ETC. | |
| Nombre del editor, distribuidor, etc. | Japon |
| Fecha de publicación, distribución, etc. | 2013 |
| 590 ## - NOTA LOCAL (RLIN) | |
| Nota local | si |
| 901 ## - ELEMENTOS DE DATOS A LOCAL LDA (RLIN) | |
| a | 20/9/2013 9:24:01 a.m. |
No items available.